250 Most Famous Cities in Russia on a Map - Statistics

General Stats
  • This quiz has been taken 225 times
  • The average score is 90 of 268
Answers on the Map
Answers color-coded by a green-red scale on the quiz's map according to % correct below.
 
Answer Stats
Wiki Monthly Views Cityquiz Mention Rate Population Answers % Correct
669.23K 68.15% 13010.11K Moscow
96%
671.18K 59.56% 5601.91K Saint Petersburg
95%
195.22K 45.95% 603.52K Vladivostok
94%
344.92K 29.58% 490.45K Kaliningrad
91%
220.00K 32.14% 1028.04K Volgograd
90%
190.12K 25.34% 1544.38K Yekaterinburg
90%
99.67K - 270.38K Murmansk
89%
143.08K 16.34% 1226.08K Nizhny Novgorod
89%
162.76K 20.54% 1308.66K Kazan
88%
85.58K 27.07% 1125.69K Omsk
88%
39.74K 1.55% 28.12K Rostov
88%
129.19K 20.60% 1142.16K Rostov-on-Don
88%
83.15K 21.74% 617.26K Irkutsk
87%
71.64K 15.22% 1034.00K Perm
87%
120.83K 17.94% 355.44K Yakutsk
86%
164.63K 26.24% 1633.60K Novosibirsk
85%
64.37K 11.00% 301.20K Arkhangelsk
84%
80.58K 17.50% 1189.53K Chelyabinsk
84%
107.04K 15.04% 1173.30K Samara
84%
123.95K 21.24% 466.08K Sochi
84%
83.77K 14.09% 1144.81K Ufa
84%
123.22K 13.86% 1099.34K Krasnodar
81%
96.65K 13.18% 1187.77K Krasnoyarsk
81%
77.83K 10.52% 1057.68K Voronezh
81%
66.14K 8.55% 440.05K Kursk
77%
67.96K - 901.36K Saratov
77%
81.50K 9.56% 328.53K Grozny
76%
64.22K 8.68% 475.63K Astrakhan
75%
50.18K 13.72% 556.48K Tomsk
75%
114.78K - 224.29K Veliky Novgorod
74%
64.83K 12.06% 316.57K Smolensk
73%
80.89K 3.90% 339.98K Belgorod
71%
63.36K - 543.65K Orenburg
70%
55.93K 5.13% 684.71K Tolyatti
70%
54.22K 7.42% 473.62K Tula
70%
70.83K 8.93% 847.49K Tyumen
70%
26.86K 6.54% 349.95K Vladimir
69%
36.59K 4.70% 379.15K Bryansk
68%
48.73K 8.94% 437.56K Ulan-Ude
67%
59.48K 7.95% 577.28K Yaroslavl
67%
77.67K 11.16% 617.44K Khabarovsk
66%
47.60K - 193.08K Pskov
66%
40.23K 5.84% 181.59K Yuzhno-Sakhalinsk
66%
39.93K - 528.60K Ryazan
65%
40.30K 8.04% 334.43K Chita
64%
54.17K 3.99% 468.21K Kirov
64%
65.04K - 623.25K Makhachkala
64%
51.74K 7.66% 164.90K Petropavlovsk-Kamchatsky
64%
61.88K 4.47% 617.35K Ulyanovsk
64%
46.48K 3.30% 547.44K Stavropol
63%
53.20K 11.15% 90.76K Magadan
62%
45.86K 5.24% 630.88K Barnaul
61%
32.11K 3.60% 496.40K Lipetsk
61%
35.07K - 303.17K Oryol
61%
51.68K 6.79% 416.22K Tver
61%
6.67K 0.87% 10.02K Kem
60%
96.04K 8.91% 174.45K Norilsk
60%
35.59K - 501.11K Penza
60%
52.25K 3.65% 623.47K Izhevsk
59%
30.12K 3.32% 261.80K Tambov
59%
30.06K 3.57% 313.94K Vologda
59%
47.22K 5.32% 557.12K Kemerovo
58%
31.81K 3.16% 361.64K Ivanovo
57%
35.38K 3.48% 337.06K Kaluga
57%
29.14K 2.89% 310.91K Kurgan
56%
35.54K 4.23% 410.59K Magnitogorsk
56%
33.72K 2.41% 267.48K Kostroma
55%
43.41K - 234.90K Petrozavodsk
55%
35.19K 2.02% 497.81K Cheboksary
53%
49.79K - 262.29K Novorossiysk
53%
36.55K - 314.87K Saransk
53%
27.01K 3.18% 238.50K Komsomolsk-on-Amur
52%
32.63K 4.79% 13.20K Anadyr
51%
21.96K 1.55% 225.43K Engels
51%
37.69K 3.61% 241.44K Blagoveshchensk
50%
15.55K 3.20% 224.07K Bratsk
50%
45.59K 3.01% 295.83K Vladikavkaz
50%
30.24K 3.30% 537.48K Novokuznetsk
49%
42.09K 3.62% 396.44K Surgut
49%
41.44K 1.64% 245.12K Taganrog
49%
63.25K 6.94% 72.53K Vyborg
49%
23.95K 2.60% 102.58K Elista
48%
27.98K - 247.05K Nalchik
48%
25.25K 1.71% 143.38K Maykop
47%
24.98K 2.55% 189.19K Orsk
47%
17.99K 2.19% 257.13K Khimki
46%
27.76K 2.02% 338.97K Nizhny Tagil
46%
22.52K - 314.93K Podolsk
46%
22.34K 2.47% 81.92K Azov
44%
22.60K 1.16% 520.96K Balashikha
44%
25.27K 1.71% 305.19K Cherepovets
44%
24.49K 4.65% 125.24K Kyzyl
44%
33.01K 2.01% 220.58K Syktyvkar
44%
18.65K - 177.29K Rybinsk
43%
37.58K 1.43% 281.25K Yoshkar-Ola
43%
29.65K 2.79% 548.43K Naberezhnye Chelny
42%
27.08K 2.74% 184.77K Abakan
41%
44.38K 2.92% 124.95K Derbent
41%
17.40K 0.68% 221.68K Stary Oskol
40%
13.34K 1.33% 221.30K Angarsk
39%
10.91K 0.61% 146.40K Elektrostal
39%
20.64K 1.75% 38.91K Sovetsk
39%
11.26K 0.96% 226.45K Shakhty
37%
49.28K 2.40% 56.98K Vorkuta
37%
20.64K 0.99% 187.18K Armavir
36%
14.17K 1.47% 183.85K Biysk
36%
19.37K 1.07% 218.63K Dzerzhinsk
36%
16.58K 0.80% 277.41K Sterlitamak
36%
20.82K 0.73% 187.63K Krasnogorsk
34%
85.25K 2.37% 0.56K Oymyakon
33%
13.28K 1.03% 113.23K Cherkessk
32%
7.95K 2.34% 3.33K Okhotsk
32%
11.45K 0.74% 224.19K Lyubertsy
30%
11.60K 0.62% 321.48K Volzhsky
30%
21.80K 1.10% 134.85K Kolomna
29%
13.56K 1.25% 168.05K Volgodonsk
29%
14.23K - 255.43K Mytishchi
28%
33.24K 1.56% 146.47K Pyatigorsk
28%
38.81K 2.42% 70.06K Birobidzhan
27%
4.71K 0.83% 20.36K Okha
27%
20.97K 1.25% 157.21K Severodvinsk
27%
20.05K 1.93% 180.39K Ussuriysk
26%
11.23K 0.64% 184.47K Balakovo
25%
47.58K 0.63% 44.41K Kronstadt
25%
27.07K 1.08% 108.19K Pushkin
25%
21.38K 0.95% 94.38K Gatchina
24%
26.64K 1.63% 107.47K Khanty-Mansiysk
24%
13.99K - 241.48K Nizhnekamsk
24%
27.99K 1.91% 47.91K Salekhard
24%
26.91K 1.12% 9.29K Suzdal
24%
10.04K - 0.67K Uelen
24%
15.79K 0.93% 79.90K Ukhta
24%
12.57K 0.61% 161.77K Zlatoust
24%
22.92K 1.62% 283.26K Nizhnevartovsk
23%
10.90K - 119.70K Novomoskovsk
23%
9.27K 0.70% 152.40K Domodedovo
22%
17.89K 1.72% 65.34K Gorno-Altaysk
22%
17.62K 1.28% 228.09K Korolyov
22%
8.14K - 122.35K Nazran
22%
20.11K 0.73% 163.67K Novocherkassk
22%
15.10K 0.40% 119.66K Yessentuki
22%
37.58K 1.93% 81.86K Anapa
21%
10.72K 0.53% 138.07K Berezniki
21%
4.75K 1.65% 78.37K Bor
21%
19.99K 1.95% 139.93K Nakhodka
21%
16.72K 0.63% 23.40K Naryan-Mar
21%
8.16K 0.98% 18.63K Nikolayevsk-on-Amur
21%
13.68K 1.01% 165.72K Syzran
21%
33.86K 1.79% 100.35K Tobolsk
21%
9.22K 0.97% 109.56K Artyom
20%
12.14K 1.17% 148.00K Miass
20%
22.40K 1.19% 270.53K Zelenograd
20%
11.37K 0.52% 163.51K Almetyevsk
19%
3.95K 1.14% 38.61K Amursk
19%
10.80K 0.57% 132.42K Kovrov
19%
19.79K - 107.50K Murom
19%
8.84K - 35.25K Pechora
19%
13.88K - 55.76K Rzhev
19%
17.55K 0.81% 26.80K Baltiysk
18%
27.40K 0.89% 107.25K Novy Urengoy
18%
16.63K - 125.38K Obninsk
18%
10.79K 0.79% 49.65K Apatity
17%
9.52K 0.51% 121.14K Kaspiysk
17%
11.22K 0.42% 155.14K Khasavyurt
17%
61.98K 0.87% 127.52K Kislovodsk
17%
12.24K 0.57% 53.41K Neryungri
17%
8.54K 0.56% 148.57K Salavat
17%
27.00K 0.78% 101.76K Sergiyev Posad
17%
14.35K 0.69% 133.79K Serpukhov
17%
15.33K 1.14% 86.71K Velikiye Luki
17%
9.01K 0.80% 100.62K Achinsk
16%
16.30K 0.65% 104.91K Arzamas
16%
6.41K 0.84% 61.44K Belogorsk
16%
9.46K 0.68% 164.19K Kamensk-Uralsky
16%
9.31K 0.67% 107.93K Kamyshin
16%
4.37K 1.18% 9.02K Kola
16%
11.09K 0.31% 117.56K Nevinnomyssk
16%
17.20K 0.40% 43.33K Severomorsk
16%
21.73K 0.65% 82.94K Yeysk
16%
6.48K 0.87% 86.82K Kansk
15%
9.86K 0.99% 88.51K Klin
15%
14.92K 0.72% 100.19K Noyabrsk
15%
13.99K 1.59% 4.17K Tiksi
15%
12.31K 0.66% 99.88K Yelets
15%
10.66K 1.06% 110.97K Dimitrovgrad
14%
9.34K 0.60% 56.09K Kotlas
14%
16.87K 0.61% 70.48K Mineralnye Vody
14%
10.32K 0.59% 124.73K Nefteyugansk
14%
10.01K 0.46% 103.89K Noginsk
14%
17.33K - 180.53K Odintsovo
14%
8.19K 0.52% 126.83K Rubtsovsk
14%
18.66K 1.44% 0.32K Dikson
13%
16.05K 0.95% 74.18K Dubna
13%
14.26K 0.88% 19.56K Dudinka
13%
10.34K 0.80% 9.86K Ivangorod
13%
15.30K 0.74% 49.72K Kingisepp
13%
7.54K 1.21% 38.41K Luga
13%
12.06K 0.60% 15.27K Magas
13%
17.05K 1.09% 34.05K Mirny
13%
9.91K 0.12% 65.37K Sosnovy Bor
13%
9.47K 0.43% 48.52K Svobodny
13%
9.51K 0.89% 51.95K Vyazma
13%
16.57K 0.26% 82.72K Zheleznogorsk
13%
11.49K 0.29% 36.13K Chernyakhovsk
12%
34.97K 1.14% 80.20K Gelendzhik
12%
10.52K 0.57% 55.41K Tikhvin
12%
18.91K 1.53% 76.53K Adler
11%
8.81K 0.47% 102.85K Berdsk
11%
8.92K 1.64% 46.62K Donetsk
11%
8.98K 0.58% 87.76K Glazov
11%
15.27K 0.52% 106.65K Seversk
11%
12.82K 0.32% 73.63K Yelabuga
11%
15.21K 0.59% 35.93K Beslan
10%
11.05K 0.26% 61.44K Kogalym
10%
14.26K 0.36% 63.03K Nyagan
10%
14.35K 0.80% 4.01K Pevek
10%
24.82K - 93.36K Sarov
10%
11.80K 0.53% 41.12K Torzhok
10%
19.02K 0.82% 61.57K Tuapse
10%
11.48K 0.28% 97.47K Votkinsk
10%
10.72K 0.57% 65.57K Dmitrov
9%
9.49K 0.26% 51.55K Gus-Khrustalny
9%
9.68K 0.56% 89.47K Solikamsk
9%
10.17K 0.31% 57.32K Asbest
8%
8.58K 0.57% 29.23K Gusev
8%
8.85K 0.69% 28.62K Tynda
8%
9.92K 0.60% 57.05K Alexandrov
7%
10.75K 0.17% 24.86K Kirovsk
7%
30.08K 0.71% 80.70K Petergof
7%
14.03K 0.67% 14.87K Sortavala
7%
8.93K - 1.97K Belushya Guba
6%
9.11K 0.20% 58.10K Budyonnovsk
6%
9.35K 0.19% 25.50K Labytnangi
6%
12.27K - 39.09K Lomonosov
6%
9.38K 0.35% 45.97K Nadym
6%
24.78K 0.57% 76.90K Ozyorsk
6%
10.32K 0.33% 2.21K Pechenga
6%
16.15K 0.33% 14.13K Shlisselburg
6%
32.24K 1.10% 0.83K Verkhoyansk
6%
12.89K 0.32% 16.62K Zelenogradsk
6%
9.07K 0.36% 26.50K Gagarin
5%
10.51K - 36.78K Mozdok
5%
9.18K 0.64% 33.88K Mozhaysk
5%
20.67K - 37.74K Pereslavl-Zalessky
5%
16.30K 0.19% 16.21K Svetlogorsk
5%
14.97K 0.33% 28.67K Veliky Ustyug
5%
13.42K 0.20% 8.29K Bolgar
4%
18.34K 0.19% 3.96K Innopolis
4%
11.50K 0.05% 5.03K Kharp
4%
11.97K 0.01% 9.21K Krasnaya Polyana
4%
11.60K - 12.29K Polyarny
4%
9.77K 0.10% 26.15K Sol-Iletsk
4%
12.96K 0.26% 27.49K Staraya Russa
4%
4.41K 1.03% 26.88K Tara
4%
13.53K 0.36% 32.72K Uglich
4%
16.03K 0.11% 16.15K Kamyzyak
3%
11.21K 0.67% 1.74K Katyn
3%
11.36K 0.49% 18.78K Priozersk
3%
18.60K 0.27% 1.95K Staraya Ladoga
3%
8.36K - 32.18K Usinsk
3%
10.37K 0.09% 0.24K Sviyazhsk
2%
11.87K 0.18% 14.07K Valday
2%
9.93K 0.34% 35.84K Zvenigorod
2%
12.60K - 1.90K Plyos
1%
9.87K 0.15% 0.96K Teriberka
1%
10.49K 0.01% 15.70K Mezhgorye
0%
12.79K - 13.12K Sirius
0%
12.66K - 7.74K Zvyozdny gorodok
0%
No matching quizzes found
Score Distribution
Percent of People with Each Score
Percentile by Number Answered
Your Score History
You have not taken this quiz